000 00630nam a22002297a 4500
003 UA-OsUOA
001 38911
007 ta
008 20060601b un ||||| |||| 00| 0 ukr d
100 _aМайоров Г.Г.
090 _a141.3
_bМ14
942 _cBK
040 _aUA-OsUOA
_brus
_cUA-OsUOA
_dUA-OsUOA
245 _aФормирование средневековой философии (латинская патристика)
300 _a431 с.
955 _a1
041 _arus
080 _a141.3
260 _aМ.
_bМысль
_c1979
650 7 _a1 Філософські науки
_2UDC
999 _c325053
_d325053